<?xml version="1.0" encoding="UTF-8"?>
<record
    xmlns:xsi="http://www.w3.org/2001/XMLSchema-instance"
    xsi:schemaLocation="http://www.loc.gov/MARC21/slim http://www.loc.gov/standards/marcxml/schema/MARC21slim.xsd"
    xmlns="http://www.loc.gov/MARC21/slim">

  <leader>00486nam a2200157Ia 4500</leader>
  <controlfield tag="008">120622s9999    xx            000 0 und d</controlfield>
  <datafield tag="020" ind1=" " ind2=" ">
    <subfield code="a">968-36-2203-8</subfield>
  </datafield>
  <datafield tag="082" ind1=" " ind2=" ">
    <subfield code="a">155.4 B223n</subfield>
  </datafield>
  <datafield tag="100" ind1=" " ind2=" ">
    <subfield code="a">Bar Din, Anne</subfield>
  </datafield>
  <datafield tag="245" ind1=" " ind2=" ">
    <subfield code="a">Los ni&#xF1;os de Santa Ursula : un estudio psicosocial de la infancia / Anne Bar Din</subfield>
  </datafield>
  <datafield tag="260" ind1=" " ind2=" ">
    <subfield code="a">M&#xE9;xico : UNAM</subfield>
  </datafield>
  <datafield tag="300" ind1=" " ind2=" ">
    <subfield code="a">142 p.</subfield>
  </datafield>
  <datafield tag="440" ind1=" " ind2=" ">
    <subfield code="a">Nuestra Am&#xE9;rica ; 33</subfield>
  </datafield>
  <datafield tag="500" ind1=" " ind2=" ">
    <subfield code="a">Incluye bibliograf&#xED;a</subfield>
  </datafield>
  <datafield tag="650" ind1=" " ind2=" ">
    <subfield code="a">1. PSICOLOGIA INFANTIL \ 2. NI&#xD1;OS - MEXICO&#xCC;</subfield>
  </datafield>
  <datafield tag="952" ind1=" " ind2=" ">
    <subfield code="0">0</subfield>
    <subfield code="1">0</subfield>
    <subfield code="4">0</subfield>
    <subfield code="7">0</subfield>
    <subfield code="a">22</subfield>
    <subfield code="b">22</subfield>
    <subfield code="d">2007-01-25</subfield>
    <subfield code="l">1</subfield>
    <subfield code="o">155.4 B223N</subfield>
    <subfield code="p">01 008542</subfield>
    <subfield code="r">2015-08-22</subfield>
    <subfield code="s">2015-08-22</subfield>
    <subfield code="w">2012-06-24</subfield>
    <subfield code="y">LB</subfield>
  </datafield>
  <datafield tag="999" ind1=" " ind2=" ">
    <subfield code="c">57823</subfield>
    <subfield code="d">57823</subfield>
  </datafield>
</record>
